000 00413nam a2200157Ia 4500
008 151021s9999 xx 000 0 und d
020 _a132344939
050 _aB 21 .P39 1996
245 _a_Ancient philosophy
260 _aNew Jersey Simon
_schuster 1996
300 _axii,558p
500 _aIncludes index
650 _a_Philosophy
700 _a_Walter Kaufmann
980 _a^d20140404 03:43:59^okorir
999 _c7552
_d7552